000 00929cam a22002411 4500
005 20170327130334.0
008 751119m19569999-usa b 000 0 eng
040 _aDLC
_cWa
_dDLC
_dCO-BoIAVH
041 0 _aspa
044 _ack
082 0 0 _a595.789
_bF79m
100 1 _aFox, Richard M.
_d1911-1968.
_eautor
245 1 2 _aA monograph of the Ithomiidae (Lepidoptera) :
_bpart III the tribe mechanitini /
_cRichard M. Fox
260 _aPhiladelphia (Estados Unidos) :
_bThe American Entomological Society at the Academy of Natural Sciences,
_c1967.
300 _a190 páginas :
_billustraciones ;
_c27 x 19 cm.
490 0 _aMemoirs of the American Entomological Society ;
_vnumber 22
504 _aIncluye referencias bibliográficas.
650 2 4 _aIthomiidae
650 2 6 _aPapilionidae
650 2 4 _aMariposas
_xgénero (taxón)
650 2 6 _aMariposas
_xFilogenia
942 _2ddc
_cLIBRO
999 _c19438
_d19438